<?xml version="1.0" encoding="UTF-8"?>
<record
    xmlns:xsi="http://www.w3.org/2001/XMLSchema-instance"
    xsi:schemaLocation="http://www.loc.gov/MARC21/slim http://www.loc.gov/standards/marcxml/schema/MARC21slim.xsd"
    xmlns="http://www.loc.gov/MARC21/slim">

  <leader>01003nam a22002177a 4500</leader>
  <datafield tag="999" ind1=" " ind2=" ">
    <subfield code="c">974</subfield>
    <subfield code="d">974</subfield>
  </datafield>
  <controlfield tag="003">AR-CdUCM</controlfield>
  <controlfield tag="008">190226b           ||||| |||| 00| 0 spa d</controlfield>
  <datafield tag="040" ind1=" " ind2=" ">
    <subfield code="a">MUNICIPALIDAD PROVINCIAL DEL CUSCO</subfield>
    <subfield code="c">BIBLIOTECA MUNICIPAL DEL CUSCO</subfield>
  </datafield>
  <datafield tag="082" ind1=" " ind2=" ">
    <subfield code="a">344.09 /</subfield>
    <subfield code="b">T16</subfield>
  </datafield>
  <datafield tag="100" ind1=" " ind2=" ">
    <subfield code="a">Talancha Crespo, Eliseo</subfield>
  </datafield>
  <datafield tag="245" ind1=" " ind2=" ">
    <subfield code="a">Los delitos culturales /</subfield>
  </datafield>
  <datafield tag="260" ind1=" " ind2=" ">
    <subfield code="a">Huanuco :</subfield>
    <subfield code="b">KOTOSH ,</subfield>
    <subfield code="c">1993.</subfield>
  </datafield>
  <datafield tag="300" ind1=" " ind2=" ">
    <subfield code="a">171 p&#xE1;ginas ;</subfield>
    <subfield code="c">20 cm.</subfield>
    <subfield code="e">3 cuadros de porcentajes </subfield>
  </datafield>
  <datafield tag="505" ind1=" " ind2=" ">
    <subfield code="a">Visi&#xF3;n hist&#xF3;rica y jur&#xED;dica de los delitos contra el patrimonio cultural -- Antecedentes legislativos de los delitos contra el patrimonio cultural -- Los delitos contra el patrimonio cultural en el derogado cogido penal de 1924 -- Los delitos contra e patrimonio cultural en el vigente c&#xF3;digo penal de 1991...</subfield>
  </datafield>
  <datafield tag="650" ind1=" " ind2=" ">
    <subfield code="a">Patrimonio Cultural.</subfield>
    <subfield code="9">3805</subfield>
  </datafield>
  <datafield tag="650" ind1=" " ind2=" ">
    <subfield code="a">Delitos patrimoniales.</subfield>
    <subfield code="9">3806</subfield>
  </datafield>
  <datafield tag="650" ind1=" " ind2=" ">
    <subfield code="a">C&#xF3;digo penal patrimonial.</subfield>
    <subfield code="9">3807</subfield>
  </datafield>
  <datafield tag="650" ind1=" " ind2=" ">
    <subfield code="a">Delitos culturales.</subfield>
    <subfield code="9">3808</subfield>
  </datafield>
  <datafield tag="942" ind1=" " ind2=" ">
    <subfield code="2">ddc</subfield>
    <subfield code="c">LIBROS</subfield>
  </datafield>
  <datafield tag="945" ind1=" " ind2=" ">
    <subfield code="a">wfj</subfield>
    <subfield code="d">2019-02-26</subfield>
  </datafield>
  <datafield tag="952" ind1=" " ind2=" ">
    <subfield code="0">0</subfield>
    <subfield code="2">ddc</subfield>
    <subfield code="4">0</subfield>
    <subfield code="7">0</subfield>
    <subfield code="a">SH</subfield>
    <subfield code="b">SH</subfield>
    <subfield code="c">CART</subfield>
    <subfield code="d">2019-02-26</subfield>
    <subfield code="g">25.00</subfield>
    <subfield code="o">344.09 / T16</subfield>
    <subfield code="p">SH0000001165</subfield>
    <subfield code="r">2019-02-26</subfield>
    <subfield code="y">LIBROS</subfield>
  </datafield>
  <datafield tag="952" ind1=" " ind2=" ">
    <subfield code="0">0</subfield>
    <subfield code="2">ddc</subfield>
    <subfield code="4">0</subfield>
    <subfield code="7">0</subfield>
    <subfield code="a">SH</subfield>
    <subfield code="b">SH</subfield>
    <subfield code="c">CART</subfield>
    <subfield code="d">2019-03-07</subfield>
    <subfield code="g">25.00</subfield>
    <subfield code="o">344.09 / T16 / e.2</subfield>
    <subfield code="p">SH0000004069</subfield>
    <subfield code="r">2019-03-07</subfield>
    <subfield code="y">LIBROS</subfield>
  </datafield>
</record>
